| 000 | 01133cam a2200349 4500 | ||
|---|---|---|---|
| 001 | 1244732 | ||
| 003 | OSt | ||
| 005 | 20260409071116.0 | ||
| 008 | 730712s1973 moua b 001 0 eng | ||
| 010 | _a 72092804 | ||
| 020 | _a0801604435 | ||
| 020 | _a9780801604430 | ||
| 035 | _a1244732 | ||
| 040 |
_aDLC _cDLC _dDLC |
||
| 050 | 0 | 0 |
_aRT41 _b.B272 |
| 082 | 0 | 0 | _a610.73 |
| 100 | 1 | _aBarber, Janet Miller. | |
| 245 | 1 | 0 |
_aAdult and child care; _ba client approach to nursing _c[by] Janet Miller Barber, Lillian Gatlin Stokes [and] Diane McGovern Billings. |
| 260 |
_aSaint Louis, _bC.V. Mosby Co., _c1973. |
||
| 300 |
_axvi, 814 p. _billus. _c27 cm. |
||
| 336 |
_atext _btxt _2rdacontent |
||
| 337 |
_aunmediated _bn _2rdamedia |
||
| 338 |
_avolume _bnc _2rdacarrier |
||
| 504 | _aIncludes bibliographies. | ||
| 650 | 0 | _aNursing. | |
| 650 | 0 | _aPediatric nursing. | |
| 700 | 1 |
_aStokes, Lillian Gatlin, _ejoint author. |
|
| 700 | 1 |
_aBillings, Diane McGovern, _ejoint author. |
|
| 906 |
_a7 _bcbc _corignew _d2 _eopcn _f19 _gy-gencatlg |
||
| 942 |
_2lcc _cBK |
||
| 999 |
_c266148 _d266147 |
||